000 00900nam a2200229 4500
001 45676
021 _b378915/14
090 _a45676
100 _a20150209e20141968m y0pory50030103ba
101 0 _apor
102 _aBR
200 1 _aA questão agrária em Portugal
_fÁlvaro Cunhal
210 9 _a[Rio de Janeiro]
_cCivilização brasileira
_d[1968]
210 9 _a[Lisboa]
_cA Bela e o Monstro,
_dcop. 2014
215 _a[8], 393, [2] p.
_d21cm
225 2 _aPerspectivas do homem
_v27.
_iCiências Sociais
305 _aEd. fac-simile. Dados bibliográficos referentes à edição original. Ed. especial de obras proibidas pela Censura do Estado Novo [A Bela e o Monstro edições]
675 _a338.43(469)"19"
_vBN
_zpor
700 1 _aCunhal,
_bÁlvaro,
_f1913-2005
801 0 _aPT
_bBN
_gRPC
856 4 1 _uhttp://rnod.bnportugal.gov.pt/ImagesBN/winlibimg.aspx?skey=&doc=1894133&img=55532&save=true
990 _cLIVROS